02757cam a22006614i 4500003000900000005001700009008004100026020001500067020001800082035002000100040003300120049000900153082002100162100002800183245005900211250002000270264006000290300006100350336002100411337002500432338002300457504004000480504003400520505074700554526001001301526001001311526001001321526001001331526001001341526000901351526000901360526000901369526000901378526000901387526000901396526000901405526000901414526000901423526000901432526000801441526000801449526000801457526000801465526000801473526000801481541001801489650002801507650002901535700002801564910002801592942001401620994001401634598001501648596000601663999018601669980005501855952018501910PE-LiUPU20250731170423.0180725s1997 njua rb 001 0 spa d a0023030852 a9780023030857 a(Sirsi) a249381 aPE-LiUPUbspacPE-LiUPUerda aPRUA04a150.287bA572201 aAnastasi, Anne,eautor.10aPsychological testing /cAnne Anastasi, Susana Urbina. aSevent edition. 1aUpper Saddle River, New.Jersey :bPrentice Hall,c1997. axiii, 721 páginas :bilustraciones ;c24 centímetros atext2rdacontent aunmediated2rdamedia avolume2rdacarrier aBibliografía : páginas 561-679. aÍndice : páginas 708-721.0 aFunctions and origins od psychological testing -- Nature and Use of Psychological Tests -- Historical Antecedents of Modern Testing -- Technical and methological principles -- Norms and the Meaning of Test Scores -- Reliability -- Validity: Basic Concepts -- Validity: Measurement and Interpretation -- Item Analysis -- Ability testing -- Individual Tests -- Tests for Special Populations -- Group Testing -- Nature of Intelligence -- Psychological Issues in Ability Testing -- Personality testing -- Self-Report Personality Inventories -- Measuring Interests and Attitudes -- Projective Techniques -- Other Assessment Techniques -- Aplications of testing -- Major Contexts of Current Test Use -- Ethical and Social Considerations in Testing. aSEG68 aSEG70 aSEG69 aSEG67 aSEG43 aP144 aP143 aP131 aP122 aP120 aP117 aP112 aP110 aP106 aP101 aP80 aP59 aP54 aP35 aP33 aP30 g002-00000194;04aPruebas psicológicas.04aPruebas de personalidad.1 aUrbina, Susana,eautor. adbmbncfcncfd20180725 2ddccBOOK aC0bPEPRU aCATALOGING a1 a150.287 A57wLCc28947i79262d28947e2018-9-7f2021-11-3g4lCCODEBUL1mBULn1p443.00r0sYtBOOKu2018-7-25xSALUDzP330COMPRA1FCOMPRAo.STAFF. Colección Ciencias de la Salud 81gALBERTO SANCHEZ Responsable de Automatización r2025-12-02 00:00:00i5l1o150.287 A57p79262s2018-09-07te1v448.00w2018-07-25xFCSyBKzinventario-2023-12-13102ddc50708GENfP33aBULbBULcGENd2018-07-25eCOMPRAg443.00